Ascenso provinciano : trayectoria de los ingresos de las haciendas públicas de las entidades federativas mexicanas, 1973 - 2020 /

Bibliographic Details
Main Authors: Molina Armenta, María del Ángel (Author), Aboites, Luis (Author)
Format: Electronic eBook
Language:Spanish
Published: Ciudad de México, México : El Colegio de México, 2024.
Edition:Primera edición electrónica.
Subjects:
Online Access:Digitalia Hispánica

MARC

LEADER 00000nam a2200000Ii 4500
001 DIGCOLMX0559
003 NyNyDIG
006 m o d
007 cr |||||||||||
008 250402s2024 mx a ob 000 0 spa d
035 |a (OCoLC)1514306725 
040 |a DGITA  |b eng  |e rda  |e pn  |c DGITA 
020 |a 9786075646060  |q electrónico 
020 |z 9786075645186  |q impreso 
043 |a n-mx--- 
050 1 4 |a HJ2466 ebook 
100 1 |a Molina Armenta, María del Ángel,  |e author. 
245 1 0 |a Ascenso provinciano :  |b trayectoria de los ingresos de las haciendas públicas de las entidades federativas mexicanas, 1973 - 2020 /  |c María del Ángel Molina Armenta y Luis Aboites Aguilar. 
250 |a Primera edición electrónica. 
264 1 |a Ciudad de México, México :  |b El Colegio de México,  |c 2024. 
300 |a 1 online resource :  |b illustrations. 
336 |a text  |b txt  |2 rdacontent 
337 |a computer  |b c  |2 rdamedia 
338 |a online resource  |b cr  |2 rdacarrier 
347 |a text file  |2 rdaft 
347 |b EPUB 
504 |a Includes bibliographical references. 
588 0 |a Online resource; title from ePub title page (Digitalia, viewed April 2, 2025) 
650 0 |a Finance, Public  |z Mexico  |x History  |y 20th century. 
650 0 |a Finance, Public  |z Mexico  |x History  |y 21st century. 
650 0 |a Taxation  |z Mexico  |x History  |y 20th century. 
650 0 |a Taxation  |z Mexico  |x History  |y 21st century. 
700 1 |a Aboites, Luis,  |e author. 
776 0 8 |i Print version:  |a Molina Armenta, María del Ángel.  |t Ascenso provinciano.  |b Primera edición impresa.  |d Ciudad de México, México : El Colegio de México, 2024  |z 9786075645186 
791 2 |a Digitalia (Firm),  |e distributor. 
793 0 |g Digitalia eBook Collection:  |a El Colegio de México 
856 4 0 |3 Digitalia Hispánica  |u https://www.digitaliapublishing.com/a/171401/ 
910 |a Premium collection: 2025